| 000 | 00350nam a22001457a 4500 | ||
|---|---|---|---|
| 020 | _qHB. | ||
| 040 | _cFIZZA ISHAQ | ||
| 082 |
_a624.175 _bEMI |
||
| 100 |
_aSIMIU, EMIL. _990495 |
||
| 245 |
_aDESIGN OF BUILDINGS AND BRIDGES FOR WIND / _cEMIL SIMIU. |
||
| 250 | _a1st ED. | ||
| 260 |
_bJOHN WILEY, _c2006. |
||
| 300 | _a308 P. ; | ||
| 942 |
_2ddc _cBK |
||
| 999 |
_c588690 _d588690 |
||